000
00205 a2200097 4500
001
30496
100
_a
Vallins, G H
245
_a
Good English
260
_a
London
_b
Pan Book Ltd
_c
090
_c
20430
_d
20430
942
_a
NUST-CAE
_c
M
_c
11593
999
_c
265569
_d
265569